| 000 | 00545nam a22001937a 4500 | ||
|---|---|---|---|
| 999 |
_c3457 _d3457 |
||
| 003 | AR-CdUCM | ||
| 008 | 190306b ||||| |||| 00| 0 spa d | ||
| 040 |
_aMUNICIPALIDAD PROVINCIAL DEL CUSCO _cBIBLIOTECA MUNICIPAL DEL CUSCO |
||
| 082 |
_a851.9 / _b D71 |
||
| 100 |
_aDini, Olinto _911383 |
||
| 245 | _aDal mio romitaggio / | ||
| 260 |
_aItalia : _bL´eroica milano, _c1932. |
||
| 300 |
_a92 paginas ; _c19 cm. |
||
| 505 | _aPoesía | ||
| 650 |
_aliteratura italiana _9615 |
||
| 650 |
_aPoesías _92272 |
||
| 942 |
_2ddc _cLIBROS |
||
| 945 | _aacv | ||